Les scènes de danses en 30 clics - Statistiques

Statistiques générales
  • Ce quiz a été pris 97 fois
  • Le résultat moyen est 16 sur 30
Statistiques - réponses
Hint Réponse % Correct
Joker : Folie à deux
94%
La La Land
93%
Mercredi
90%
Dirty Dancing
89%
Les Aventures de Rabbi Jacob
89%
Stranger Things
79%
La Cité de la peur
74%
Pulp Fiction
73%
Flashdance
63%
Moulin Rouge
63%
Grease
61%
Un, dos, tres
61%
Johnny English
56%
La fièvre du samedi soir
53%
Breaking bad
50%
Coyote Girls
49%
West Side Story
49%
Chicago
46%
Ally McBeal
45%
Burlesque
45%
Fame
44%
Seinfeld
44%
Footloose
43%
American Pie : Marions-les !
41%
Eyes Wide Shut
41%
Il était une fois en Amérique
28%
Scary Movie 2
25%
Staying Alive
25%
La Party (The Party)
16%
Une place à prendre (Career Opportunities)
15%
Aucun quiz correspondant
Distribution des résultats
% des personnes avec chaque résultat
Percentile par nombre de réponses
Votre historique - résultats
Vous n’avez pas pris ce quiz